Essentials of physical anthropology discovering our origins

Sparad:
Bibliografiska uppgifter
Huvudupphovsman: Larsen, Clark Spencer
Materialtyp: Bok
Språk:English
Publicerad: New York W.W. Norton & Co. 2010
Upplaga:1st ed.
Ämnen:
Taggar: Lägg till en tagg
Inga taggar, Lägg till första taggen!
Thư viện lưu trữ: Mạng thư viện Đại học Đà Nẵng
LEADER 01208nam a2200349 4500
001 000021399
003 17847
005 20150420110440.0
008 150420s2010 engsd
020 |a 0393934225 (pbk.)  |a 9780393934229 (pbk.) 
041 0 |a eng 
082 0 0 |a 599.9|222  |b LA-C 
100 1 |a Larsen, Clark Spencer 
245 1 0 |a Essentials of physical anthropology  |b discovering our origins  |c Clark Spencer Larsen 
250 |a 1st ed. 
260 |a New York  |b W.W. Norton & Co.  |c 2010 
300 |a xxxi, 344, A55 p.  |b ill. (chiefly col.), col. maps  |c 28 cm. 
504 |a Includes bibliographical references and index. 
650 0 |a Physical anthropology 
653 |a Y học 
653 |a Nhân học 
700 1 |q (Emily Ann) 
OWN |a LSP 
AVA |a UDN50  |b LSP  |d 599.9|222 LA-C  |e available  |t Error 5001 Not defined in file expand_doc_bib_avail.  |f 2  |g 0  |h N  |i 0  |k 1 
999 |a From the UDN01 
AVA |a UDN50  |b LSP  |d 599.9|222 LA-C  |e available  |t Error 5001 Not defined in file expand_doc_bib_avail.  |f 2  |g 0  |h N  |i 0  |k 1 
TYP |a Monograph 
TYP |a Printed language 
980 |a Mạng thư viện Đại học Đà Nẵng